1071 1296 1279 1770 1691 1902 1390 1313 1794 1804 1906 1493 1052 1624 1642 1900 1588 1013 1188 1911 1679 1741 1480 1463 1837 1057 1582 1489 1977 1267 1878 1332 1364 1333 1129 1430 1056 1878 1224 1811 1608 1803 1420 1824 1406 1015 1258 1750 1694 1173 1327 1633 1774 1921 1852 1059 1601 1650 1154 1417 1565 1844 1781 1446 1677 1299 1223 1388 1442 1996 1041 1753 1917 1663 1876 1630 1513 1264 1067 1770 1329 1748 2000 1549 1444 1735 1599 1127 1891 1585 1870 1208 1689 1678 1182 1499 1515 1063 1382 BCNSPRNW ULIB Ver.6.0+V

เปลี่ยนเป็นภาษาไทย

Change to English
 แสดงรายละเอียดบรรณานุกรม
  กลับหน้าหลัก

Brief Record : Get Marc (ISO 2709) : E-mail record : QR code < ปิดหน้าต่าง
LEADER : 00000nam 2200000uu 4500
001    13399110595
003     ULIB
008    110603s2542||||th 000 0 tha d
020    9742776334
060 04 WQ210^bก522 2542
245 00 การวินิจฉัยทารกก่อนคลอด /^cบรรณาธิการ: เยื้อน ตันนิรันดร
250    พิมพ์ครั้งที่ 1
260    กรุงเทพฯ :^bหน่วยเวชศาสตร์มารดาและทารกในครรภ์ ภาควิชาสูติศาสตร์-นรีเวชวิทยา คณะแพทยศาสตร์ จุฬาฯ,^c2542
300    380 หน้า :^bภาพประกอบ ;^c30 ซม
505 2  การให้คำปรึกษาแนะนำทางพันธุศาสตร์ในการวินิจฉัยทารกก่อนคลอด --การวินิจฉัยความผิดปกติในทารกก่อนคลอดด้วยคลื่นเสียงความถี่สูง -- การวินิจฉัยทารกก่อนคลอดด้วยคลื่นเสียงความถี่สูง ในไตรมาสแรกของการตั้งครรภ์ -- การเจาะดูดน้ำคร่ำ -- การเก็บตัวอย่างเนื้อรก -- การเก็บตัวอย่างเลือดทารกในครรภ์ -- การเก็บตัวอย่างเนื้อเยื่อทารกในครรภ์ -- การเจาะดูดของเหลวจากทารกในครรภ์ -- การใช้กล้องส่องตรวจทารกในครรภ์ -- การวินิจฉัยก่อนคลอดโดยใช้เซลล์ทารกที่แยกจากเลือดของมารดา -- การตรวจตัวอ่อนก่อนการฝังตัวเพื่อวิเคราะห์ทางพันธุกรรม -- การวินิจฉัยทางพันธุกรรมก่อนคลอด -- จริยธรรมในเวชปฏิบัติทางสูติศาสตร์
650  7 การวินิจฉัยโรคก่อนคลอด
650  7 ทารกในครรภ์^xโรค^xการวินิจฉัย
700 0  เยื้อน ตันนิรันดร
710 2  จุฬาลงกรณ์มหาวิทยาลัย.^bหน่วยเวชศาสตร์มารดาและทารกในครรภ์
710 2  จุฬาลงกรณ์มหาวิทยาลัย.^bภาควิชาสูติศาสตร์-นรีเวชวิทยา
945    ^p0^l0^i011620
945    ^p0^l0^i011618
945    ^p0^l0^i011616
945    ^p0^l0^i011614
945    ^p0^l0^i011619
945    ^p0^l0^i011617
945    ^p0^l0^i011615
945    ^p0^l0^i011613
995    ทศพร
999 ^a ใช้งานได้ทุกระบบ
รายการนี้ยังไม่มีแท็ก
คุณยังไม่ได้ล็อกอิน คุณสามารถมีกิจกรรมร่วมกับเว็บไซต์ได้ แต่ต้องล็อกอินก่อน ::
  ล็อกอิน

รายการสื่อสารสนเทศ

ลำดับที่ ประเภท เลขเรียก/บาร์โค้ด สถานที่ สถานะ
- ไม่พบข้อมูล -

BibComment


ยังไม่เคยถูกคอมเมนท์

คอมเมนท์ทรัพยากรรายการนี้
  คอมเมนท์: การวินิจฉัยทารกก่..


 Copyright 2026. Bcnsprnw @Library